[Event "Hessen-ch Meister"]
[Site "Floersheim"]
[Date "2016.05.07"]
[Round "7"]
[White "Holm Pedersen, Sejer"]
[Black "Chandler, Patrick"]
[Result "1-0"]
[WhiteElo "2214"]
[BlackElo "2154"]
[PlyCount "67"]
[EventDate "2016.05.04"]
[EventType "swiss"]
[EventRounds "9"]
[EventCountry "GER"]
[SourceTitle "EXT 2022"]
[Source "ChessBase"]
[SourceDate "2021.10.06"]
[SourceVersion "1"]
[SourceVersionDate "2021.10.06"]
[SourceQuality "1"]

1. d4 Nf6 2. Nf3 g6 3. c4 Bg7 4. Nc3 d6 5. e4 0-0 6. h3 e5 7. d5 a5 8. Bg5 h6 9. Be3 Na6 10. Be2 b6 11. g4 Kh7 12. Bd3 Ng8 13. Nd2 Kh8 14. a3 Bd7 15. Bc2 Bf6 16. Nf3 Qc8 17. Qe2 Be7 18. 0-0-0 Nc5 19. Nd2 a4 20. Rdg1 f6 21. f4 exf4 22. Bxf4 Rf7 23. Be3 Rg7 24. h4 Be8 25. g5 Nd7 26. Bxa4 Ne5 27. Bxe8 Qxe8 28. Nf3 c5 29. Nxe5 fxe5 30. gxh6 Rh7 31. Qg2 Nxh6 32. Qxg6 Qxg6 33. Rxg6 Nf7 34. h5 1-0

[Event "Hessen-ch Meister"]
[Site "Floersheim"]
[Date "2016.05.06"]
[Round "6"]
[White "Mager, Denis"]
[Black "Holm Pedersen, Sejer"]
[Result "1-0"]
[WhiteElo "2214"]
[BlackElo "2214"]
[PlyCount "85"]
[EventDate "2016.05.04"]
[EventType "swiss"]
[EventRounds "9"]
[EventCountry "GER"]
[SourceTitle "EXT 2022"]
[Source "ChessBase"]
[SourceDate "2021.10.06"]
[SourceVersion "1"]
[SourceVersionDate "2021.10.06"]
[SourceQuality "1"]

1. c4 e6 2. Nc3 d5 3. d4 Nf6 4. cxd5 exd5 5. Bg5 Be7 6. e3 h6 7. Bh4 0-0 8. Bd3 Nc6 9. Rc1 Be6 10. Nf3 a6 11. 0-0 Re8 12. a3 g5 13. Bg3 Bg4 14. Qc2 Bxf3 15. gxf3 Bd6 16. Rfe1 Bxg3 17. hxg3 Re6 18. Na4 Rd6 19. Nc5 Rb8 20. b4 Nd7 21. Rb1 Ne7 22. Rec1 Nxc5 23. bxc5 Rf6 24. Kg2 Qd7 25. Rh1 b5 26. Qd2 Kg7 27. a4 c6 28. Qa5 Qc8 29. Rb2 Qb7 30. Be2 Re6 31. Ra1 Nc8 32. Bd3 Re7 33. Bf5 Rc7 34. e4 Ne7 35. Bg4 dxe4 36. fxe4 Rd8 37. Qc3 f6 38. Rd1 Ng6 39. Bf5 a5 40. axb5 cxb5 41. Qxa5 Ne7 42. Rxb5 Qc6 43. d5 1-0

[Event "Dresden ZMD op 22nd"]
[Site "Dresden"]
[Date "2013.08.17"]
[Round "8"]
[White "Holm Pedersen, Sejer"]
[Black "Baskin, Robert"]
[Result "0-1"]
[WhiteElo "2256"]
[BlackElo "2138"]
[PlyCount "46"]
[EventDate "2013.08.10"]
[EventType "swiss"]
[EventRounds "9"]
[EventCountry "GER"]
[SourceTitle "CBM 155 Extra"]
[Source "ChessBase"]
[SourceDate "2013.08.26"]
[SourceVersion "1"]
[SourceVersionDate "2013.08.26"]
[SourceQuality "1"]

1. d4 Nf6 2. Nf3 g6 3. c4 Bg7 4. Nc3 0-0 5. e4 d6 6. h3 e5 7. Be3 exd4 8. Nxd4 Re8 9. Bd3 Nbd7 10. f3 c6 11. Qd2 d5 12. cxd5 cxd5 13. 0-0 dxe4 14. Nxe4 Nxe4 15. fxe4 Ne5 16. Bb5 Bd7 17. Qe2 a6 18. Bxd7 Nxd7 19. Qc4 Nf6 20. Qb3 Rxe4 21. Nf3 Qd5 22. Qa3 Bf8 23. Qc3 Rxe3 0-1

[Event "Dresden ZMD op 22nd"]
[Site "Dresden"]
[Date "2013.08.14"]
[Round "5"]
[White "Neef, Maximilian"]
[Black "Holm Pedersen, Sejer"]
[Result "1/2-1/2"]
[WhiteElo "2252"]
[BlackElo "2256"]
[PlyCount "132"]
[EventDate "2013.08.10"]
[EventType "swiss"]
[EventRounds "9"]
[EventCountry "GER"]
[SourceTitle "CBM 155 Extra"]
[Source "ChessBase"]
[SourceDate "2013.08.26"]
[SourceVersion "1"]
[SourceVersionDate "2013.08.26"]
[SourceQuality "1"]

1. Nf3 Nf6 2. c4 e6 3. g3 d5 4. b3 c5 5. Bg2 Nc6 6. e3 Be7 7. 0-0 0-0 8. Bb2 b6 9. Qe2 Bb7 10. Rd1 Qc7 11. Nc3 dxc4 12. bxc4 Rad8 13. Rac1 Rd7 14. d4 Rfd8 15. Nb5 Qb8 16. Ne5 Nxe5 17. dxe5 Ne8 18. Bxb7 Qxb7 19. a4 a6 20. Nc3 Qc6 21. Rxd7 Rxd7 22. Rd1 Rxd1+ 23. Qxd1 Nc7 24. Qd3 h6 25. Kf1 Ne8 26. Ke2 Qc7 27. Qe4 Qc8 28. Ba3 f5 29. exf6 Bxf6 30. Qd3 Qc6 31. Qe4 Qd7 32. Qd3 Qc6 33. a5 bxa5 34. Qe4 Qd7 35. Qd3 Qxd3+ 36. Kxd3 Bxc3 37. Kxc3 Nd6 38. Bxc5 Ne4+ 39. Kd4 Nxf2 40. Bd6 a4 41. Ba3 Kf7 42. Kc5 Ng4 43. e4 Ne5 44. Kd4 Nf3+ 45. Kc5 Nd2 46. Kb4 e5 47. c5 Ke6 48. c6 Nxe4 49. Ka5 Nf6 50. Kxa6 Ne8 51. Kb5 Kd5 52. Bb2 g5 53. Kxa4 Kxc6 54. Bxe5 g4 55. Kb4 Kd5 56. Bf4 h5 57. Kc3 Ke4 58. Kd2 h4 59. Ke2 h3 60. Kf2 Nf6 61. Bb8 Kd3 62. Kg1 Ke2 63. Ba7 Ne4 64. Kh1 Kf1 65. Bb6 Nf2+ 66. Bxf2 Kxf2 1/2-1/2

[Event "Wunsiedel op 7th"]
[Site "Wunsiedel"]
[Date "2013.05.12"]
[Round "7"]
[White "Tischbierek, Raj"]
[Black "Holm Pedersen, Sejer"]
[Result "0-1"]
[WhiteElo "2433"]
[BlackElo "2244"]
[PlyCount "66"]
[EventDate "2013.05.09"]
[EventType "swiss"]
[EventRounds "7"]
[EventCountry "GER"]
[SourceTitle "CBM 154 Extra"]
[Source "ChessBase"]
[SourceDate "2013.06.25"]
[SourceVersion "2"]
[SourceVersionDate "2013.06.25"]
[SourceQuality "1"]

1. g3 Nf6 2. Bg2 d5 3. d3 e5 4. Nf3 Nc6 5. 0-0 Be7 6. c3 0-0 7. b4 a6 8. Nbd2 h6 9. e4 dxe4 10. dxe4 Qd3 11. Bb2 Nxe4 12. Nxe4 Qxe4 13. Nd4 Qg6 14. Nxc6 bxc6 15. Qe2 Qe6 16. Rfe1 Bf6 17. a3 Rb8 18. Qe3 Qb3 19. Bc1 e4 20. Bxe4 Qxc3 21. Rb1 Rd8 22. Qe2 Bg4 23. f3 Bd4+ 24. Kg2 f5 25. fxg4 fxe4 26. Bf4 Bb6 27. Qxe4 Rf8 28. Rbc1 Qxa3 29. Rxc6 Rbe8 30. Qd5+ Kh8 31. Be5 Rxe5 32. Qxe5 Qf3+ 33. Kh3 Qxc6 0-1

[Event "Norderstedt op"]
[Site "Norderstedt"]
[Date "2013.03.29"]
[Round "3"]
[White "Ispirjan, Mikael"]
[Black "Holm Pedersen, Sejer"]
[Result "0-1"]
[WhiteElo "1926"]
[BlackElo "2260"]
[PlyCount "72"]
[EventDate "2013.03.28"]
[EventType "swiss"]
[EventRounds "9"]
[EventCountry "GER"]
[SourceTitle "EXT 2015"]
[Source "ChessBase"]
[SourceDate "2014.11.20"]
[SourceVersion "1"]
[SourceVersionDate "2014.11.20"]
[SourceQuality "1"]

1. e4 e6 2. d4 d5 3. Nc3 dxe4 4. Nxe4 Nd7 5. Nf3 Ngf6 6. Bd3 Nxe4 7. Bxe4 Nf6 8. Bd3 Bd6 9. Bg5 h6 10. Bh4 c5 11. 0-0 0-0 12. c3 b6 13. Be4 Rb8 14. Qe2 g5 15. dxc5 bxc5 16. Nxg5 hxg5 17. Bxg5 Kg7 18. Qf3 Rh8 19. h4 Be5 20. h5 Qc7 21. h6+ Rxh6 22. Bxh6+ Kxh6 23. Qe3+ Bf4 24. Qh3+ Kg7 25. Bf3 e5 26. Qh4 Bf5 27. g4 Rh8 28. Qxh8+ Kxh8 29. gxf5 e4 30. Be2 Qe5 31. Kg2 Kg7 32. Rh1 Qxf5 33. Rag1 Kf8 34. b4 cxb4 35. cxb4 Qd5 36. Rh4 Qg5+ 0-1

[Event "Budapest FS11 IM"]
[Site "Budapest"]
[Date "2012.11.13"]
[Round "10"]
[White "Holm Pedersen, Sejer"]
[Black "Battey, Alexander"]
[Result "1-0"]
[WhiteElo "2274"]
[BlackElo "2362"]
[PlyCount "109"]
[EventDate "2012.11.03"]
[EventType "tourn"]
[EventRounds "11"]
[EventCountry "HUN"]
[EventCategory "2"]
[SourceTitle "CBM 151 Extra"]
[Source "ChessBase"]
[SourceDate "2012.12.18"]
[SourceVersion "1"]
[SourceVersionDate "2012.12.18"]
[SourceQuality "1"]

1. d4 Nf6 2. Nf3 g6 3. c4 Bg7 4. Nc3 d6 5. e4 0-0 6. h3 e5 7. Bd3 Nc6 8. Be3 exd4 9. Nxd4 Nd7 10. Be2 Re8 11. Qd2 Bxd4 12. Bxd4 Nc5 13. f3 Nxd4 14. Qxd4 Ne6 15. Qf2 Nf4 16. h4 Qf6 17. 0-0-0 Nxe2+ 18. Qxe2 Be6 19. Kb1 a6 20. h5 Rad8 21. hxg6 hxg6 22. Nd5 Bxd5 23. cxd5 Qg7 24. g4 Rd7 25. Rc1 Qe5 26. Qf2 g5 27. Rh5 f6 28. Rch1 Rg7 29. Qc2 Ree7 30. Rh8+ Kf7 31. Rc8 Kg6 32. a3 Rgf7 33. Rhh8 Rg7 34. Ka1 Ref7 35. Qc1 Rh7 36. Rcg8+ Rfg7 37. Rxg7+ Kxg7 38. Rxh7+ Kxh7 39. Qxc7+ Kg6 40. Qxb7 Qf4 41. Qb3 a5 42. a4 Qc1+ 43. Ka2 Qf1 44. Qc3 Qd1 45. b3 Qf1 46. Ka3 Qd1 47. b4 axb4+ 48. Kxb4 Qb1+ 49. Qb3 Qg1 50. a5 Qd4+ 51. Kb5 Qc5+ 52. Ka4 Qc8 53. Qd3 Qd7+ 54. Qb5 Qa7 55. Qb6 1-0

[Event "Budapest FS11 IM"]
[Site "Budapest"]
[Date "2012.11.08"]
[Round "5"]
[White "Kojima, Shinya"]
[Black "Holm Pedersen, Sejer"]
[Result "1/2-1/2"]
[WhiteElo "2339"]
[BlackElo "2274"]
[PlyCount "93"]
[EventDate "2012.11.03"]
[EventType "tourn"]
[EventRounds "11"]
[EventCountry "HUN"]
[EventCategory "2"]
[SourceTitle "EXT 2013"]
[Source "ChessBase"]
[SourceDate "2012.11.22"]
[SourceVersion "1"]
[SourceVersionDate "2012.11.22"]
[SourceQuality "1"]

1. Nf3 e6 2. d4 d5 3. c4 Nf6 4. Nc3 Be7 5. Bf4 c5 6. dxc5 Na6 7. cxd5 exd5 8. g3 Nxc5 9. Bg2 0-0 10. 0-0 Be6 11. Rc1 Qb6 12. Qd4 Rac8 13. Rfd1 Rfd8 14. Be5 h6 15. h3 Ncd7 16. Qxb6 Nxb6 17. Nb5 Rxc1 18. Rxc1 a6 19. Bc7 Ra8 20. Bxb6 axb5 21. Bd4 Rxa2 22. Rc7 Bd6 23. Rxb7 b4 24. Rb6 Ne4 25. Ne5 Ra1+ 26. Kh2 Bxe5 27. Bxe5 Nxf2 28. Bd4 Ne4 29. Rb8+ Kh7 30. Rxb4 Re1 31. Bf3 Ng5 32. g4 Nxf3+ 33. exf3 Rd1 34. Kg3 Rd3 35. Bc3 Rd1 36. Rd4 Rxd4 37. Bxd4 g5 38. b4 Bd7 39. h4 gxh4+ 40. Kxh4 Kg6 41. f4 f5 42. g5 hxg5+ 43. fxg5 f4 44. b5 Bxb5 45. Kg4 f3 46. Kxf3 Kxg5 47. Ke3 1/2-1/2

[Event "Budapest FS11 IM"]
[Site "Budapest"]
[Date "2012.11.06"]
[Round "3"]
[White "Massoni, Michael"]
[Black "Holm Pedersen, Sejer"]
[Result "1/2-1/2"]
[WhiteElo "2381"]
[BlackElo "2274"]
[PlyCount "142"]
[EventDate "2012.11.03"]
[EventType "tourn"]
[EventRounds "11"]
[EventCountry "HUN"]
[EventCategory "2"]
[SourceTitle "EXT 2013"]
[Source "ChessBase"]
[SourceDate "2012.11.22"]
[SourceVersion "1"]
[SourceVersionDate "2012.11.22"]
[SourceQuality "1"]

1. e4 e6 2. Nf3 d5 3. Nc3 dxe4 4. Nxe4 Nd7 5. d4 Ngf6 6. Nxf6+ Nxf6 7. Be3 Bd6 8. c4 Bb4+ 9. Nd2 0-0 10. a3 Be7 11. Be2 Bd7 12. Bf3 Rb8 13. 0-0 a6 14. Qc2 Qe8 15. Rfe1 Qc8 16. Bf4 Re8 17. Be5 Bc6 18. Bxc6 bxc6 19. b3 Nd7 20. Nf3 c5 21. dxc5 Bxc5 22. Bb2 Be7 23. Ne5 Nxe5 24. Bxe5 Qb7 25. Re3 f6 26. Bb2 e5 27. Rh3 g6 28. Rd1 Rbd8 29. Rhd3 Rxd3 30. Rxd3 Qe4 31. Qd1 Bd6 32. Rd5 Kf7 33. h3 Re6 34. c5 Be7 35. Rd7 Qc6 36. b4 Ke8 37. Rd2 e4 38. Qb3 f5 39. Qe3 g5 40. Qe2 h6 41. Qh5+ Kf8 42. Qd1 f4 43. Qg4 e3 44. fxe3 Rxe3 45. Qf5+ Ke8 46. Qc8+ Kf7 47. Qh8 Qg6 48. Kh2 h5 49. Qd4 Re4 50. Qd5+ Qe6 51. Qxe6+ Kxe6 52. g4 hxg4 53. hxg4 Re3 54. Kh1 Rh3+ 55. Kg1 Rg3+ 56. Kf1 Rxg4 57. Re2+ Kf7 58. Be5 Bd8 59. Rd2 Ke8 60. c6 Rg3 61. Rd7 Rxa3 62. Bxc7 Bxc7 63. Rxc7 Rc3 64. Rg7 Rxc6 65. Rxg5 Ke7 66. b5 axb5 67. Rxb5 Ke6 68. Kf2 Rc3 69. Ra5 Re3 70. Rb5 Re5 71. Rxe5+ Kxe5 1/2-1/2

[Event "Budapest FS03 IM"]
[Site "Budapest"]
[Date "2012.03.12"]
[Round "10"]
[White "Holm Pedersen, Sejer"]
[Black "Szalanczy, Emil"]
[Result "1-0"]
[WhiteElo "2256"]
[BlackElo "2249"]
[PlyCount "133"]
[EventDate "2012.03.03"]
[EventType "tourn"]
[EventRounds "11"]
[EventCountry "HUN"]
[EventCategory "1"]
[SourceTitle "CBM 147 Extra"]
[Source "ChessBase"]
[SourceDate "2012.04.24"]
[SourceVersion "1"]
[SourceVersionDate "2012.04.24"]
[SourceQuality "1"]

1. d4 c5 2. d5 e6 3. Nc3 d6 4. e4 Nf6 5. Nf3 Be7 6. Bb5+ Bd7 7. dxe6 fxe6 8. e5 dxe5 9. Nxe5 Qc7 10. Nxd7 Nbxd7 11. Qe2 0-0-0 12. Qxe6 Bd6 13. Qh3 Kb8 14. Be2 a6 15. 0-0 Ne5 16. Bg5 Ng6 17. g3 Be5 18. Rad1 Rxd1 19. Rxd1 Bxc3 20. bxc3 Ne4 21. Be3 Nxc3 22. Rd2 Nxe2+ 23. Rxe2 Qc6 24. Rd2 Qe4 25. Qd7 Ne5 26. Bf4 Ka7 27. Bxe5 Qxe5 28. c4 Qe1+ 29. Kg2 Qe4+ 30. f3 Qxc4 31. Rb2 Rb8 32. Qxg7 Qd3 33. Qc7 c4 34. g4 c3 35. Rb3 Qe2+ 36. Kg3 c2 37. Rc3 Qe1+ 38. Kg2 Qe2+ 39. Kg3 Qe1+ 40. Kg2 Qe2+ 41. Kg3 h5 42. Rxc2 h4+ 43. Kxh4 Qxf3 44. Qe5 Rg8 45. Qd4+ Ka8 46. h3 Qf1 47. Kg3 Rf8 48. Kh2 Qf3 49. g5 Qf5 50. Rg2 Qg6 51. h4 Rf3 52. Rf2 Rxf2+ 53. Qxf2 Qd6+ 54. Kh3 Qe6+ 55. Kg3 Qe5+ 56. Kg4 Qe4+ 57. Qf4 Qe2+ 58. Kf5 Qxa2 59. g6 a5 60. h5 Qd5+ 61. Kg4 Qg2+ 62. Kf5 Qd5+ 63. Qe5 Qf3+ 64. Kg5 Qg2+ 65. Kh6 b6 66. g7 Kb7 67. Kh7 1-0

[Event "Budapest FS03 IM"]
[Site "Budapest"]
[Date "2012.03.09"]
[Round "7"]
[White "Volodin, Viktor Nikolaevich"]
[Black "Holm Pedersen, Sejer"]
[Result "0-1"]
[WhiteElo "2208"]
[BlackElo "2256"]
[PlyCount "132"]
[EventDate "2012.03.03"]
[EventType "tourn"]
[EventRounds "11"]
[EventCountry "HUN"]
[EventCategory "1"]
[SourceTitle "CBM 147 Extra"]
[Source "ChessBase"]
[SourceDate "2012.04.24"]
[SourceVersion "1"]
[SourceVersionDate "2012.04.24"]
[SourceQuality "1"]

1. Nf3 d5 2. d4 e6 3. c4 Nf6 4. g3 dxc4 5. Bg2 c5 6. 0-0 Nc6 7. dxc5 Qxd1 8. Rxd1 Bxc5 9. Nbd2 c3 10. bxc3 Bd7 11. Ng5 h6 12. Nge4 Be7 13. Nc4 Nxe4 14. Bxe4 Rc8 15. Nd6+ Bxd6 16. Rxd6 Na5 17. Bd3 Ke7 18. Rd4 Rhd8 19. Bf4 Bc6 20. Rxd8 Kxd8 21. Be3 b6 22. Bd4 f6 23. f4 Bd5 24. Rd1 Ke7 25. Bb1 Nc4 26. e4 Bb7 27. e5 f5 28. Kf2 Bd5 29. Bc2 Na5 30. Ra1 g5 31. Bb3 Be4 32. Rg1 g4 33. Ke2 h5 34. Rc1 Nc6 35. Be3 Rd8 36. Ba4 Bd3+ 37. Kf2 Na5 38. Bd4 Bc4 39. Rc2 Rh8 40. Ke1 h4 41. Bf2 hxg3 42. Bxg3 b5 43. Bb3 Rc8 44. Bh4+ Ke8 45. Rd2 Nxb3 46. axb3 Bxb3 47. Rd6 a5 48. Kd2 a4 49. Ra6 b4 50. cxb4 Rc2+ 51. Ke3 Rxh2 52. Bf2 Rh3+ 53. Kd4 g3 54. Bg1 Rh1 55. Ra8+ Kf7 56. Ra7+ Kg6 57. Be3 g2 58. Ra8 Bd5 59. Rxa4 g1Q 60. Bxg1 Rxg1 61. b5 Re1 62. Kc5 Re4 63. Ra7 Rxf4 64. b6 Rc4+ 65. Kb5 Rc1 66. Re7 f4 0-1

[Event "Budapest FS03 IM"]
[Site "Budapest"]
[Date "2012.03.08"]
[Round "6"]
[White "Holm Pedersen, Sejer"]
[Black "Wiander, Michael"]
[Result "1/2-1/2"]
[WhiteElo "2256"]
[BlackElo "2140"]
[PlyCount "73"]
[EventDate "2012.03.03"]
[EventType "tourn"]
[EventRounds "11"]
[EventCountry "HUN"]
[EventCategory "1"]
[SourceTitle "CBM 147 Extra"]
[Source "ChessBase"]
[SourceDate "2012.04.24"]
[SourceVersion "1"]
[SourceVersionDate "2012.04.24"]
[SourceQuality "1"]

1. d4 d5 2. Nf3 Nc6 3. c4 Bg4 4. cxd5 Bxf3 5. exf3 Qxd5 6. Be3 e5 7. Nc3 Bb4 8. dxe5 Qxe5 9. Rc1 Rd8 10. Qa4 Bc5 11. Qe4 Qxe4 12. Nxe4 Bb4+ 13. Nc3 Nge7 14. Bb5 0-0 15. 0-0 Nd4 16. Bc4 Ndf5 17. Bg5 h6 18. Bxe7 Nxe7 19. Rfd1 Bxc3 20. bxc3 Nf5 21. f4 c5 22. Kf1 Nd6 23. Bd5 b5 24. a3 a6 25. Ke2 Rfe8+ 26. Kf3 Kf8 27. h4 Nc4 28. Bxc4 bxc4 29. Rxd8 Rxd8 30. Re1 Rd3+ 31. Re3 Rd2 32. g3 a5 33. a4 f6 34. h5 Kf7 35. Re2 Rd3+ 36. Re3 Rd2 37. Re2 1/2-1/2

[Event "Budapest FS03 IM"]
[Site "Budapest"]
[Date "2012.03.07"]
[Round "5"]
[White "Szeberenyi, Adam"]
[Black "Holm Pedersen, Sejer"]
[Result "1-0"]
[WhiteElo "2305"]
[BlackElo "2256"]
[PlyCount "69"]
[EventDate "2012.03.03"]
[EventType "tourn"]
[EventRounds "11"]
[EventCountry "HUN"]
[EventCategory "1"]
[SourceTitle "CBM 147 Extra"]
[Source "ChessBase"]
[SourceDate "2012.04.24"]
[SourceVersion "1"]
[SourceVersionDate "2012.04.24"]
[SourceQuality "1"]

1. d4 d5 2. c4 e6 3. Nc3 Nf6 4. cxd5 exd5 5. Bg5 Be7 6. Qc2 h6 7. Bh4 0-0 8. e3 Be6 9. Bd3 c5 10. Bxf6 Bxf6 11. dxc5 Nd7 12. Nge2 Nxc5 13. 0-0 Qb6 14. Bh7+ Kh8 15. Bf5 Rfd8 16. Rfd1 Rd7 17. Rab1 a5 18. Nd4 Rad8 19. Nce2 Bxf5 20. Qxf5 Ne4 21. Nf4 g6 22. Qh3 Kh7 23. Nfe2 Re7 24. g3 Bg5 25. Qf1 h5 26. h4 Bh6 27. Kg2 Rd6 28. Nc3 Nf6 29. Qb5 Qd8 30. Nb3 b6 31. Rd2 Re8 32. Rbd1 Re5 33. Qe2 Qe7 34. Nd4 Ng4 35. Rd3 1-0

[Event "Budapest FS03 IM"]
[Site "Budapest"]
[Date "2012.03.05"]
[Round "3"]
[White "Lyell, Mark"]
[Black "Holm Pedersen, Sejer"]
[Result "0-1"]
[WhiteElo "2202"]
[BlackElo "2256"]
[PlyCount "87"]
[EventDate "2012.03.03"]
[EventType "tourn"]
[EventRounds "11"]
[EventCountry "HUN"]
[EventCategory "1"]
[SourceTitle "CBM 147 Extra"]
[Source "ChessBase"]
[SourceDate "2012.04.24"]
[SourceVersion "1"]
[SourceVersionDate "2012.04.24"]
[SourceQuality "1"]

1. e4 e6 2. d4 d5 3. Nc3 dxe4 4. Nxe4 Nd7 5. g3 Ngf6 6. Nxf6+ Nxf6 7. Bg2 c5 8. Nf3 cxd4 9. Qxd4 Qxd4 10. Nxd4 a6 11. 0-0 Bd6 12. Rd1 Ke7 13. Bd2 Rb8 14. c4 Bd7 15. b4 Rhd8 16. Bc3 Ba4 17. Re1 Kf8 18. Nb3 Rd7 19. c5 Be7 20. Na5 Nd5 21. Be5 Rbd8 22. a3 Bf6 23. Bxf6 gxf6 24. Nc4 Bc6 25. Rad1 Nc3 26. Rxd7 Rxd7 27. Bxc6 bxc6 28. Na5 Rc7 29. Re3 Nd5 30. Re4 f5 31. Rd4 f6 32. Kf1 Kf7 33. Ke2 e5 34. Rh4 Kg6 35. Kd3 Rd7 36. Kc2 Ne7 37. Rc4 e4 38. Nb3 Kg5 39. h3 h5 40. h4+ Kg4 41. Nd4 f4 42. Ne2 Kf3 43. Nxf4 f5 44. Rc3+ 0-1

[Event "Budapest FS03 IM"]
[Site "Budapest"]
[Date "2012.03.04"]
[Round "2"]
[White "Holm Pedersen, Sejer"]
[Black "Gledura, Benjamin"]
[Result "1-0"]
[WhiteElo "2256"]
[BlackElo "2283"]
[PlyCount "65"]
[EventDate "2012.03.03"]
[EventType "tourn"]
[EventRounds "11"]
[EventCountry "HUN"]
[EventCategory "1"]
[SourceTitle "CBM 147 Extra"]
[Source "ChessBase"]
[SourceDate "2012.04.24"]
[SourceVersion "1"]
[SourceVersionDate "2012.04.24"]
[SourceQuality "1"]

1. d4 Nf6 2. c4 g6 3. Nc3 d5 4. cxd5 Nxd5 5. e4 Nxc3 6. bxc3 Bg7 7. Nf3 c5 8. Be3 0-0 9. Be2 cxd4 10. cxd4 Qa5+ 11. Bd2 Qa3 12. Qc1 Qd6 13. e5 Qd7 14. 0-0 b6 15. Bh6 Ba6 16. Bxg7 Kxg7 17. Re1 Bxe2 18. Rxe2 Na6 19. Re4 h6 20. e6 fxe6 21. Rh4 Rh8 22. Ne5 Qe8 23. Rg4 g5 24. h4 Qb5 25. Qc2 Qe8 26. hxg5 h5 27. Rf4 Nb4 28. Qe4 Rg8 29. g6 Nd5 30. Rf7+ Kh6 31. Rh7+ Kg5 32. Nf3+ Kf6 33. Rf7+ 1-0

[Event "Budapest FS11 IM"]
[Site "Budapest"]
[Date "2011.11.16"]
[Round "12"]
[White "Hou, Qiang"]
[Black "Holm Pedersen, Sejer"]
[Result "1/2-1/2"]
[WhiteElo "2322"]
[BlackElo "2222"]
[PlyCount "42"]
[EventDate "2011.11.05"]
[EventType "tourn"]
[EventRounds "13"]
[EventCountry "HUN"]
[EventCategory "2"]
[SourceTitle "EXT 2012"]
[Source "ChessBase"]
[SourceDate "2011.11.24"]
[SourceVersion "1"]
[SourceVersionDate "2011.11.24"]
[SourceQuality "1"]

1. e4 e6 2. d4 d5 3. Nd2 dxe4 4. Nxe4 Nd7 5. Nf3 Ngf6 6. Bg5 h6 7. Nxf6+ Nxf6 8. Be3 Bd6 9. Bd3 Nd5 10. Bd2 Nf4 11. Bxf4 Bxf4 12. Qe2 Qd5 13. Bc4 Qa5+ 14. c3 0-0 15. g3 Bd6 16. 0-0-0 b5 17. Bd3 Bb7 18. a3 Bxa3 19. bxa3 Qxc3+ 20. Kb1 Qb3+ 21. Kc1 Qc3+ 1/2-1/2

[Event "Budapest FS11 IM"]
[Site "Budapest"]
[Date "2011.11.15"]
[Round "11"]
[White "Holm Pedersen, Sejer"]
[Black "Farago, Sandor"]
[Result "1-0"]
[WhiteElo "2222"]
[BlackElo "2317"]
[PlyCount "101"]
[EventDate "2011.11.05"]
[EventType "tourn"]
[EventRounds "13"]
[EventCountry "HUN"]
[EventCategory "2"]
[SourceTitle "EXT 2012"]
[Source "ChessBase"]
[SourceDate "2011.11.24"]
[SourceVersion "1"]
[SourceVersionDate "2011.11.24"]
[SourceQuality "1"]

1. d4 d5 2. Nf3 Nf6 3. c4 c6 4. Nc3 a6 5. e3 b5 6. cxd5 cxd5 7. Bd3 e6 8. 0-0 Be7 9. Ne5 0-0 10. Bd2 Bb7 11. Rc1 Nbd7 12. f4 g6 13. a3 Nb6 14. Qf3 Rb8 15. Rc2 Nc4 16. Be1 Nd7 17. Qh3 f5 18. Ne2 Rc8 19. Rf3 Ndxe5 20. fxe5 Qd7 21. Nf4 Rf7 22. g4 Rg7 23. Rg3 Bg5 24. gxf5 Bxf4 25. exf4 exf5 26. Bb4 Qe6 27. b3 a5 28. Bc5 Rxc5 29. dxc5 Nxa3 30. Rc1 d4 31. Bf1 Be4 32. Bd3 Bc6 33. Qh4 Qd5 34. Kf2 Rf7 35. Bf1 Qd7 36. Bg2 Be4 37. c6 Qc7 38. e6 Rf8 39. e7 Re8 40. Bxe4 fxe4 41. f5 e3+ 42. Kg1 e2 43. f6 Qe5 44. f7+ Kxf7 45. Qxh7+ Ke6 46. Rxg6+ Kd5 47. Qf7+ Ke4 48. Re6 d3 49. Rxe5+ Kxe5 50. Qf3 Rxe7 51. Qxd3 1-0

[Event "Budapest FS11 IM"]
[Site "Budapest"]
[Date "2011.11.08"]
[Round "4"]
[White "Citak, Selim"]
[Black "Holm Pedersen, Sejer"]
[Result "1-0"]
[WhiteElo "2363"]
[BlackElo "2222"]
[PlyCount "107"]
[EventDate "2011.11.05"]
[EventType "tourn"]
[EventRounds "13"]
[EventCountry "HUN"]
[EventCategory "2"]
[SourceTitle "EXT 2012"]
[Source "ChessBase"]
[SourceDate "2011.11.24"]
[SourceVersion "1"]
[SourceVersionDate "2011.11.24"]
[SourceQuality "1"]

1. d4 d5 2. c4 e6 3. Nc3 Nf6 4. Nf3 Be7 5. Bf4 0-0 6. e3 Nc6 7. Rc1 Nh5 8. Bg3 Nxg3 9. hxg3 dxc4 10. Bxc4 g6 11. e4 b6 12. Qd2 f6 13. a3 Qe8 14. d5 Nd8 15. Kf1 Rb8 16. e5 b5 17. Ba2 b4 18. axb4 Bxb4 19. Qh6 Qe7 20. exf6 Rxf6 21. Ne4 Rf7 22. Neg5 Rg7 23. Kg1 Bd6 24. dxe6 Rxb2 25. Qxg7+ Kxg7 26. Rxh7+ Kf8 27. Rh8+ Kg7 28. Rh7+ Kf8 29. Rxe7 Kxe7 30. Bd5 Rb5 31. Bc4 Rc5 32. Ne4 Ra5 33. Nxd6 cxd6 34. Bd3 Bxe6 35. Bxg6 Rc5 36. Ra1 a5 37. Nd4 Bc4 38. f4 Kf6 39. Bh7 Rd5 40. Nf3 Ne6 41. Bg8 Rc5 42. Nd2 d5 43. Nf3 Nd8 44. Bh7 Nc6 45. g4 Bb3 46. g5+ Kg7 47. Bf5 a4 48. Bd7 Nb4 49. Nd4 Rc4 50. Ne6+ Kf7 51. f5 Nc2 52. Rc1 Ne3 53. Rxc4 dxc4 54. g6+ 1-0

[Event "Budapest FS11 IM"]
[Site "Budapest"]
[Date "2011.11.07"]
[Round "3"]
[White "Holm Pedersen, Sejer"]
[Black "Szeberenyi, Adam"]
[Result "1/2-1/2"]
[WhiteElo "2222"]
[BlackElo "2324"]
[PlyCount "159"]
[EventDate "2011.11.05"]
[EventType "tourn"]
[EventRounds "13"]
[EventCountry "HUN"]
[EventCategory "2"]
[SourceTitle "EXT 2012"]
[Source "ChessBase"]
[SourceDate "2011.11.24"]
[SourceVersion "1"]
[SourceVersionDate "2011.11.24"]
[SourceQuality "1"]

1. d4 Nf6 2. c4 e6 3. Nf3 Bb4+ 4. Nbd2 0-0 5. a3 Bxd2+ 6. Qxd2 b6 7. e3 c5 8. Be2 cxd4 9. exd4 d5 10. b3 Ba6 11. Bb2 Nc6 12. Rc1 Na5 13. Qb4 dxc4 14. bxc4 Rc8 15. Nd2 Re8 16. Nf1 Ne4 17. Ne3 Nc6 18. Qa4 Nxd4 19. Qxa6 Nc5 20. Qxc8 Qxc8 21. Bxd4 Nb3 22. Rd1 Nxd4 23. Rxd4 Qc5 24. Rd3 Qa5+ 25. Kf1 b5 26. cxb5 Qxb5 27. g3 Qc6 28. f3 e5 29. Kf2 e4 30. fxe4 Qxe4 31. Rhd1 f5 32. Bf3 Qe5 33. Nd5 Qb2+ 34. R1d2 Qc1 35. Ne3 Qc5 36. Re2 g5 37. Rd5 Qxa3 38. Rxf5 h6 39. Bd5+ Kh8 40. g4 Qd6 41. Kf3 a5 42. Nc4 Qb8 43. Rxe8+ Qxe8 44. Nxa5 Qe1 45. Nc4 Qh1+ 46. Ke3 Qg1+ 47. Ke4 Qxg4+ 48. Ke5 Qe2+ 49. Kf6 Kh7 50. Ne5 Qxh2 51. Be4 Kg8 52. Kg6 Qa2 53. Rf6 Qd2 54. Bf5 Qb4 55. Rc6 Qb7 56. Rc8+ Qxc8 57. Bxc8 Kf8 58. Nc6 h5 59. Kxh5 g4 60. Kxg4 Kg7 61. Kg5 Kf7 62. Bd7 Kg7 63. Ne5 Kh7 64. Kf6 Kh8 65. Bf5 Kg8 66. Nf7 Kf8 67. Bh7 Ke8 68. Ne5 Kd8 69. Ke6 Kc7 70. Bd3 Kb6 71. Kd5 Ka5 72. Nc4+ Kb4 73. Kd4 Kb3 74. Nd2+ Kb2 75. Be2 Kc2 76. Nf3 Kb3 77. Bd1+ Kb2 78. Be2 Kb3 79. Ne1 Kb2 80. Kd3 1/2-1/2